00782nam a2200217 a 4500008004100000040001200041041000800053044000700061082002500068100004200093245007800135260004700213300002800260490004100288502008800329610005300417650000900470655004000479700003800519852000700557200318s2016 ii a|||g m|||a00| 0 eng d aKObeng0 aeng aii04223a378.242bIRM15111 aChaturvedi, Prabhat KumareResearcher30aAn Internship Report on Food Corporation of India, Bhopal Madhyapradesh / aKochi :bIndian Maritime University,c2016 a54 p. :bill. ;c29 cm.0 aMBA Internship 2015-17 ;v1505305011 aInternship (MBA)–Indian Maritime University. School of Maritime Management, 2016.20aFood Corporation of India, Bhopal Madhyapradesh  0aFood 72lcshaDissertations, Academicy20161 aPrasad, J. Siva DurgacDr.eGuide aKO